|
|
|
|
| LEADER |
00000nam0a2200000 4500 |
| 001 |
317885 |
| 005 |
20231102003024.0 |
| 010 |
|
|
|a 5080004371
|
| 035 |
|
|
|a (RuTPU)RU\TPU\book\343353
|
| 090 |
|
|
|a 317885
|
| 100 |
|
|
|a 20160415d1989 c y0rusy50 ca
|
| 101 |
0 |
|
|a rus
|
| 102 |
|
|
|a RU
|
| 105 |
|
|
|a a z 000ay
|
| 200 |
1 |
|
|a Рассказы
|f Б. А. Емельянов
|g худож. В. Панов
|
| 210 |
|
|
|a Москва
|c Детская литература
|d 1989
|
| 215 |
|
|
|a 127 с.
|c ил.
|
| 225 |
1 |
|
|a Школьная библиотека
|
| 464 |
|
|
|t Военная тайна; Солдаты второй армии; Гайдар и его команда; Игра; Кольцо; Чемодан; Случай; Часы; Сын; Терпение; Чашечки-серебряшечки; Путешественник; Кутька; Свет; Осетр на цепи; Арбузы и волки; Слепой беркут; Сказка; "Горячий камень"; Илька Артемьев; Голубая чашка; Три товарища; Клятва Гайдара; Гайдар и Зоя; Иван да Марья; Комсомольская правда; Девяносто первый; Рассказ о смелом всаднике; обида; Надо и не хочется; Мама все понимает; Мамино горе; Конец
|
| 600 |
|
1 |
|a Гайдар
|b А. П.
|f 1904-1941
|g Аркадий Петрович
|c настоящая фамилия Голиков
|c русский писатель
|2 stltpush
|3 (RuTPU)RU\TPU\pers\3671
|
| 606 |
1 |
|
|a Русская литература современная
|2 stltpush
|3 (RuTPU)RU\TPU\subj\26373
|9 50316
|
| 610 |
1 |
|
|a художественная литература
|
| 610 |
1 |
|
|a детская литература
|
| 610 |
1 |
|
|a рассказы
|
| 675 |
|
|
|a Р2
|v 4
|
| 700 |
|
1 |
|a Емельянов
|b Б. А.
|g Борис Александрович
|4 070
|
| 702 |
|
1 |
|a Панов
|b В.
|4 040
|
| 801 |
|
1 |
|a RU
|b 63413507
|c 20160415
|
| 801 |
|
2 |
|a RU
|b 63413507
|c 20201225
|g RCR
|
| 942 |
|
|
|c BK
|